[Event "Panama op 4th"]
[Site "Panama City"]
[Date "2023.11.07"]
[Round "3"]
[White "Husbands, Orlando"]
[Black "Terry, Renato"]
[Result "0-1"]
[WhiteElo "2307"]
[BlackElo "2503"]
[PlyCount "80"]
[EventDate "2023.11.06"]
[EventType "swiss"]
[EventRounds "9"]
[EventCountry "PAN"]
[SourceTitle "CB46_2023"]
[SourceDate "2023.11.15"]
[SourceVersion "1"]
[SourceVersionDate "2023.11.15"]
[SourceQuality "1"]

1. e4 g6 2. d4 Bg7 3. Nc3 c6 4. Be3 d6 5. Qd2 b5 6. Bd3 Nd7 7. Nf3 Bb7 8. 0-0 Qc7 9. a4 b4 10. Ne2 c5 11. c4 Ngf6 12. d5 Ng4 13. Bg5 h6 14. Bh4 Ngf6 15. Ne1 g5 16. Bg3 Nh5 17. Rb1 0-0-0 18. Nc2 e6 19. Ne3 Nxg3 20. fxg3 Ne5 21. g4 h5 22. gxh5 Rxh5 23. Ng3 Rh4 24. Be2 g4 25. Qd1 Rdh8 26. dxe6 fxe6 27. Rf2 Rxh2 28. Bxg4 R2h6 29. Bh3 Kb8 30. Qe2 Qd8 31. Qd2 Rg6 32. Nef1 Nxc4 33. Qe2 Ne5 34. Rd1 c4 35. Nh5 Nd3 36. Nxg7 Rxh3 37. Nh5 Qh4 38. Rf8+ Bc8 39. Nfg3 Rgxg3 40. Nxg3 Qxg3 0-1

[Event "Caribean-chT 24th"]
[Site "San Salvador"]
[Date "2023.07.06"]
[Round "2.1"]
[White "Hernandez Guerrero, Gilberto Eduardo"]
[Black "Husbands, Orlando"]
[Result "1-0"]
[WhiteElo "2526"]
[BlackElo "2211"]
[PlyCount "85"]
[EventDate "2023.07.06"]
[EventType "tourn"]
[EventRounds "15"]
[EventCountry "ESA"]
[SourceTitle "CBM 215 Extra"]
[Source "ChessBase"]
[SourceDate "2023.09.30"]
[SourceVersion "1"]
[SourceVersionDate "2023.09.30"]
[SourceQuality "1"]
[WhiteTeam "Mexico"]
[BlackTeam "Barbados"]
[WhiteTeamCountry "MEX"]
[BlackTeamCountry "BAR"]

1. e4 c5 2. Nc3 Nc6 3. Bb5 Nd4 4. Nf3 e6 5. a4 Ne7 6. 0-0 a6 7. Bc4 Nec6 8. d3 Be7 9. Nxd4 cxd4 10. Ne2 Rb8 11. Bd2 b5 12. axb5 axb5 13. Bb3 Bb7 14. Ng3 Ra8 15. Rxa8 Bxa8 16. f4 Na5 17. Bxa5 Qxa5 18. f5 0-0 19. Qg4 Kh8 20. Nh5 g6 21. f6 Bd6 22. Qg5 Rg8 23. Nf4 Qc7 24. Rf3 Rc8 25. h4 Qa5 26. h5 Qe1+ 27. Rf1 Qe3+ 28. Kh1 Bxf4 29. Rxf4 Rg8 30. Rg4 Qxg5 31. Rxg5 Bc6 32. Kh2 gxh5 33. Rxg8+ Kxg8 34. Kh3 h6 35. Kh4 Kh7 36. Kxh5 b4 37. g3 Bb5 38. e5 Bc6 39. g4 Bf3 40. Bc4 Bd1 41. Bb3 Bf3 42. Ba4 Bd1 43. Bxd7 1-0

[Event "Caribean-chT 24th"]
[Site "San Salvador"]
[Date "2023.07.06"]
[Round "11.1"]
[White "Husbands, Orlando"]
[Black "Urbina, Ricardo"]
[Result "0-1"]
[WhiteElo "2211"]
[BlackElo "2217"]
[PlyCount "57"]
[EventDate "2023.07.06"]
[EventType "tourn"]
[EventRounds "15"]
[EventCountry "ESA"]
[SourceTitle "CBM 215 Extra"]
[Source "ChessBase"]
[SourceDate "2023.09.30"]
[SourceVersion "1"]
[SourceVersionDate "2023.09.30"]
[SourceQuality "1"]
[WhiteTeam "Barbados"]
[BlackTeam "Honduras"]
[WhiteTeamCountry "BAR"]
[BlackTeamCountry "HON"]

1. d4 d5 2. c4 c6 3. Nf3 Nf6 4. e3 e6 5. Nbd2 Nbd7 6. Bd3 Bd6 7. 0-0 0-0 8. e4 dxe4 9. Nxe4 Nxe4 10. Bxe4 h6 11. Bc2 Re8 12. Qd3 Nf8 13. Be3 Qf6 14. Rad1 e5 15. dxe5 Bxe5 16. Nxe5 Qxe5 17. Bd4 Qh5 18. Qc3 Ne6 19. Rfe1 Bd7 20. Be5 Rad8 21. Qd3 Nf8 22. Bc7 Rc8 23. Bd6 Rxe1+ 24. Rxe1 Re8 25. Rd1 Ng6 26. h3 Be6 27. b3 Rd8 28. Qg3 Bf5 29. Bxf5 0-1

[Event "Caribean-chT 24th"]
[Site "San Salvador"]
[Date "2023.07.06"]
[Round "3.1"]
[White "Husbands, Orlando"]
[Black "Valdes Romero, Leonardo"]
[Result "1-0"]
[WhiteElo "2211"]
[BlackElo "2483"]
[PlyCount "67"]
[EventDate "2023.07.06"]
[EventType "tourn"]
[EventRounds "15"]
[EventCountry "ESA"]
[SourceTitle "CBM 215 Extra"]
[Source "ChessBase"]
[SourceDate "2023.09.30"]
[SourceVersion "1"]
[SourceVersionDate "2023.09.30"]
[SourceQuality "1"]
[WhiteTeam "Barbados"]
[BlackTeam "Costa Rica"]
[WhiteTeamCountry "BAR"]
[BlackTeamCountry "CRI"]

1. d4 d6 2. Nf3 Nf6 3. Nc3 Nbd7 4. e4 e5 5. Bc4 Be7 6. 0-0 0-0 7. a4 c6 8. Re1 b6 9. h3 a6 10. Ba2 Rb8 11. Be3 b5 12. axb5 axb5 13. b4 Qc7 14. Bb3 h6 15. Qd2 Kh7 16. Qd3 Nb6 17. dxe5 dxe5 18. Bc5 Rb7 19. Qe3 Be6 20. Bxe6 fxe6 21. Bxe7 Qxe7 22. Nxe5 Qxb4 23. Nxc6 Qc4 24. Na5 Qc7 25. Nxb7 Qxb7 26. Rab1 Nc4 27. Qd4 Qc8 28. e5 Nh5 29. Nxb5 Nf4 30. Re4 Na3 31. Nxa3 g5 32. Rd1 Rf7 33. Nb5 Qb7 34. Nd6 1-0

[Event "Caribean-chT Rapid 24th"]
[Site "San Salvador"]
[Date "2023.07.05"]
[Round "11.1"]
[White "Christie, Joshua"]
[Black "Husbands, Orlando"]
[Result "1/2-1/2"]
[WhiteElo "2185"]
[BlackElo "2210"]
[PlyCount "68"]
[EventDate "2023.07.03"]
[EventType "tourn (rapid)"]
[EventRounds "15"]
[EventCountry "ESA"]
[SourceTitle "CBM 215 Extra"]
[Source "ChessBase"]
[SourceDate "2023.09.30"]
[SourceVersion "1"]
[SourceVersionDate "2023.09.30"]
[SourceQuality "1"]
[WhiteTeam "Jamaica"]
[BlackTeam "Barbados"]
[WhiteTeamCountry "JAM"]
[BlackTeamCountry "BAR"]

1. d4 d5 2. c4 c6 3. Nc3 e6 4. e3 Nf6 5. Nf3 a6 6. Bd3 dxc4 7. Bxc4 b5 8. Bd3 c5 9. dxc5 Bxc5 10. 0-0 Bb7 11. Qe2 Nbd7 12. Rd1 0-0 13. a3 Rc8 14. b4 Be7 15. Bb2 Qc7 16. Rac1 Qb8 17. a4 bxa4 18. Nxa4 Rxc1 19. Rxc1 Bxf3 20. gxf3 Qxb4 21. Ra1 Qh4 22. Bxa6 Bd6 23. f4 e5 24. Rd1 Bc7 25. Bb5 Rd8 26. fxe5 Ng4 27. f4 Nxh2 28. Qg2 Ng4 29. e6 fxe6 30. Bxd7 Rxd7 31. Rxd7 Qe1+ 32. Qf1 Qg3+ 33. Qg2 Qe1+ 34. Qf1 Qg3+ 1/2-1/2

[Event "Caribean-chT Rapid 24th"]
[Site "San Salvador"]
[Date "2023.07.04"]
[Round "9.1"]
[White "Albornoz Cabrera, Carlos Daniel"]
[Black "Husbands, Orlando"]
[Result "1/2-1/2"]
[WhiteElo "2616"]
[BlackElo "2210"]
[PlyCount "119"]
[EventDate "2023.07.03"]
[EventType "tourn (rapid)"]
[EventRounds "15"]
[EventCountry "ESA"]
[SourceTitle "CBM 215 Extra"]
[Source "ChessBase"]
[SourceDate "2023.09.30"]
[SourceVersion "1"]
[SourceVersionDate "2023.09.30"]
[SourceQuality "1"]
[WhiteTeam "Cuba"]
[BlackTeam "Barbados"]
[WhiteTeamCountry "CUB"]
[BlackTeamCountry "BAR"]

1. e4 c5 2. Nf3 d6 3. d4 cxd4 4. Nxd4 Nf6 5. Nc3 a6 6. Bg5 e6 7. f4 h6 8. Bh4 Qb6 9. a3 Be7 10. Bf2 Qc7 11. Qf3 Nbd7 12. 0-0-0 b5 13. g4 Bb7 14. h4 Nc5 15. Bd3 h5 16. gxh5 Rxh5 17. f5 e5 18. Nb3 Rc8 19. Kb1 Nxd3 20. cxd3 d5 21. Rc1 Qd7 22. Rhd1 Rxc3 23. Rxc3 dxe4 24. Qe2 Rxf5 25. Nc5 Bxc5 26. Rxc5 exd3 27. Rxe5+ Rxe5 28. Qxe5+ Kf8 29. Qb8+ Ke7 30. Bd4 Be4 31. Qe5+ Kf8 32. Qc5+ Kg8 33. Bxf6 gxf6 34. Kc1 f5 35. Rg1+ Kh7 36. Kd2 Qe6 37. Qf8 Qh6+ 38. Qxh6+ Kxh6 39. Rg5 f6 40. Rg8 Kh5 41. Rh8+ Kg4 42. h5 f4 43. h6 Kg5 44. h7 Kh6 45. Rf8 Bxh7 46. Rxf6+ Kg5 47. Rxa6 Kg4 48. Ra7 Bf5 49. Rg7+ Kf3 50. b3 Ke4 51. Re7+ Kd4 52. Rf7 Ke4 53. Re7+ Kd4 54. Re1 f3 55. a4 bxa4 56. bxa4 Bh3 57. Re3 f2 58. Rxd3+ Kc4 59. Rf3 f1Q 60. Rxf1 1/2-1/2

[Event "Caribean-chT Rapid 24th"]
[Site "San Salvador"]
[Date "2023.07.04"]
[Round "7.1"]
[White "Almedina Ortiz, Edgardo J"]
[Black "Husbands, Orlando"]
[Result "0-1"]
[WhiteElo "2178"]
[BlackElo "2210"]
[PlyCount "94"]
[EventDate "2023.07.03"]
[EventType "tourn (rapid)"]
[EventRounds "15"]
[EventCountry "ESA"]
[SourceTitle "CBM 215 Extra"]
[Source "ChessBase"]
[SourceDate "2023.09.30"]
[SourceVersion "1"]
[SourceVersionDate "2023.09.30"]
[SourceQuality "1"]
[WhiteTeam "Puerto Rico"]
[BlackTeam "Barbados"]
[WhiteTeamCountry "PUR"]
[BlackTeamCountry "BAR"]

1. d4 d5 2. c4 c6 3. Nc3 Nf6 4. cxd5 cxd5 5. Bf4 a6 6. e3 Nc6 7. Bd3 Bg4 8. f3 Bh5 9. Qb3 Na5 10. Qa4+ Nc6 11. Nge2 Bg6 12. Bxg6 hxg6 13. Rc1 e6 14. 0-0 Be7 15. Rfd1 0-0 16. e4 b5 17. Qc2 Rc8 18. Qd2 b4 19. Na4 dxe4 20. fxe4 Nxe4 21. Qd3 Qa5 22. b3 Nf6 23. Qf3 Nd5 24. Rc4 Na7 25. Nc5 Bxc5 26. dxc5 Rxc5 27. Bd6 Rxc4 28. bxc4 Rd8 29. cxd5 Rxd6 30. Rf1 Rd7 31. dxe6 Qb6+ 32. Kh1 Qxe6 33. Qa8+ Kh7 34. Ng1 Nb5 35. Rf4 Rd4 36. Rf3 Rh4 37. Qd8 Rh5 38. Qf8 Qd6 39. Qxd6 Nxd6 40. a3 a5 41. Rb3 Ne4 42. Nf3 Rd5 43. h3 Nc5 44. Re3 b3 45. a4 Rd1+ 46. Kh2 f6 47. Re8 b2 0-1

[Event "Caribean-chT Rapid 24th"]
[Site "San Salvador"]
[Date "2023.07.03"]
[Round "2.1"]
[White "Husbands, Orlando"]
[Black "Baules Rodriguez, Jorge Luis"]
[Result "0-1"]
[WhiteElo "2210"]
[BlackElo "2343"]
[PlyCount "120"]
[EventDate "2023.07.03"]
[EventType "tourn (rapid)"]
[EventRounds "15"]
[EventCountry "ESA"]
[SourceTitle "CBM 215 Extra"]
[Source "ChessBase"]
[SourceDate "2023.09.30"]
[SourceVersion "1"]
[SourceVersionDate "2023.09.30"]
[SourceQuality "1"]
[WhiteTeam "Barbados"]
[BlackTeam "Panama"]
[WhiteTeamCountry "BAR"]
[BlackTeamCountry "PAN"]

1. e4 c5 2. Nf3 e6 3. d4 cxd4 4. Nxd4 a6 5. c4 Nf6 6. Nc3 Qc7 7. Be3 b6 8. Be2 Bb7 9. f3 d6 10. Qd2 Nbd7 11. 0-0 Be7 12. Rab1 Rc8 13. Rfc1 0-0 14. b4 Rfe8 15. a3 Qb8 16. Nb3 Bd8 17. Bf4 Bc7 18. Rd1 Ne5 19. Bxe5 dxe5 20. c5 b5 21. Qe3 Red8 22. g3 Bc6 23. Rxd8+ Rxd8 24. Rd1 Rxd1+ 25. Bxd1 Qd8 26. Kf2 Nd7 27. Bc2 Nb8 28. Qd3 Bd7 29. Ne2 Nc6 30. Nc3 Qe7 31. Qe3 Qf6 32. Ne2 Bc8 33. Qd2 Qd8 34. Qxd8+ Bxd8 35. Ke3 f5 36. Bd3 Kf7 37. Nc3 g6 38. Ne2 Bf6 39. Bc2 g5 40. h3 h5 41. g4 h4 42. gxf5 exf5 43. exf5 Ne7 44. Be4 Nxf5+ 45. Kd3 Ng7 46. Ng1 Nh5 47. c6 Nf4+ 48. Ke3 Bd8 49. Nc5 Ke7 50. Nd3 Bb6+ 51. Nc5 Kd6 52. Kd2 Bxc5 53. bxc5+ Kxc5 54. Kc3 Kb6 55. Kb4 a5+ 56. Kc3 Be6 57. Kd2 b4 58. axb4 axb4 59. Kc2 Kc5 60. Kd2 Nd5 0-1

[Event "Caribean-chT Rapid 24th"]
[Site "San Salvador"]
[Date "2023.07.03"]
[Round "4.1"]
[White "Husbands, Orlando"]
[Black "Urbina, Ricardo"]
[Result "1-0"]
[WhiteElo "2210"]
[BlackElo "2237"]
[PlyCount "48"]
[EventDate "2023.07.03"]
[EventType "tourn (rapid)"]
[EventRounds "15"]
[EventCountry "ESA"]
[SourceTitle "CBM 215 Extra"]
[Source "ChessBase"]
[SourceDate "2023.09.30"]
[SourceVersion "1"]
[SourceVersionDate "2023.09.30"]
[SourceQuality "1"]
[WhiteTeam "Barbados"]
[BlackTeam "Honduras"]
[WhiteTeamCountry "BAR"]
[BlackTeamCountry "HON"]

1. d4 d5 2. c4 c6 3. Nf3 Nf6 4. Qb3 dxc4 5. Qxc4 g6 6. g3 Bg7 7. Bg2 0-0 8. 0-0 Bf5 9. Nc3 Nbd7 10. Re1 Nb6 11. Qb3 Rc8 12. e4 Be6 13. Qc2 Bg4 14. Rd1 Nfd7 15. h3 Bxf3 16. Bxf3 c5 17. dxc5 Rxc5 18. Be3 Rc4 19. Qb3 Qc8 20. Be2 Rc6 21. Nb5 Qb8 22. Nxa7 Re6 23. Bg4 Rd6 24. Rxd6 Qxd6 1-0

[Event "Central America-ch 24th"]
[Site "San Salvador"]
[Date "2023.01.21"]
[Round "5"]
[White "Husbands, Orlando"]
[Black "Alfaro Caracas, William"]
[Result "1-0"]
[WhiteElo "2211"]
[BlackElo "2091"]
[PlyCount "59"]
[EventDate "2023.01.21"]
[EventType "swiss"]
[EventRounds "11"]
[EventCountry "ESA"]
[SourceTitle "CBM 212 Extra"]
[Source "ChessBase"]
[SourceDate "2023.03.31"]
[SourceVersion "1"]
[SourceVersionDate "2023.03.31"]
[SourceQuality "1"]

1. d4 Nf6 2. c4 c5 3. d5 b5 4. cxb5 a6 5. bxa6 g6 6. Nc3 Bxa6 7. e4 Bxf1 8. Kxf1 d6 9. Nge2 Bg7 10. g3 Nbd7 11. Kg2 0-0 12. Qc2 Ra6 13. Nb5 Ne8 14. Bg5 h6 15. Bd2 f5 16. Nf4 fxe4 17. Ne6 Qa8 18. Nbc7 Nxc7 19. Nxc7 Qb7 20. Nxa6 Qxd5 21. Be3 Qc6 22. Nb4 Qb5 23. Nd5 Rf7 24. Qxe4 Ne5 25. a4 Qxb2 26. a5 e6 27. Nf4 d5 28. Qb1 Qxb1 29. Rhxb1 d4 30. a6 1-0

[Event "Central America-ch 24th"]
[Site "San Salvador"]
[Date "2023.01.21"]
[Round "3"]
[White "Husbands, Orlando"]
[Black "Auguiste, Lyndon"]
[Result "1-0"]
[WhiteElo "2211"]
[BlackElo "1661"]
[PlyCount "27"]
[EventDate "2023.01.21"]
[EventType "swiss"]
[EventRounds "11"]
[EventCountry "ESA"]
[SourceTitle "CBM 212 Extra"]
[Source "ChessBase"]
[SourceDate "2023.03.31"]
[SourceVersion "1"]
[SourceVersionDate "2023.03.31"]
[SourceQuality "1"]

1. e4 d5 2. exd5 Qxd5 3. Nc3 Qa5 4. d4 Nf6 5. Nf3 Bg4 6. Bc4 e6 7. h3 Bh5 8. Bd2 c6 9. g4 Bg6 10. Ne5 Nbd7 11. Qe2 Bxc2 12. Nxf7 Kxf7 13. Qxe6+ Kg6 14. Qf7# 1-0

[Event "Central America-ch 24th"]
[Site "San Salvador"]
[Date "2023.01.21"]
[Round "10"]
[White "Mathurin, Nathaniel"]
[Black "Husbands, Orlando"]
[Result "1-0"]
[WhiteElo "1802"]
[BlackElo "2211"]
[PlyCount "47"]
[EventDate "2023.01.21"]
[EventType "swiss"]
[EventRounds "11"]
[EventCountry "ESA"]
[SourceTitle "CBM 212 Extra"]
[Source "ChessBase"]
[SourceDate "2023.03.31"]
[SourceVersion "1"]
[SourceVersionDate "2023.03.31"]
[SourceQuality "1"]

1. d4 d5 2. Nf3 Nf6 3. c4 c6 4. Qa4 Bf5 5. cxd5 Nxd5 6. g3 Nd7 7. Nbd2 Bg6 8. e4 N5b6 9. Qc2 e6 10. Bg2 c5 11. 0-0 Rc8 12. Qd1 cxd4 13. Nxd4 Nc5 14. N2b3 Be7 15. Nxc5 Bxc5 16. Be3 0-0 17. Rc1 Qe7 18. Qb3 Rfd8 19. Rxc5 Rxc5 20. Nb5 Re5 21. Nxa7 Nc8 22. Qc3 Nxa7 23. Qxe5 Qb4 24. Bxa7 1-0

[Event "Olympiad-44"]
[Site "Chennai"]
[Date "2022.08.02"]
[Round "5.1"]
[White "Kovacova, Zuzana"]
[Black "Husbands, Orlando"]
[Result "1/2-1/2"]
[WhiteElo "2050"]
[BlackElo "2353"]
[PlyCount "116"]
[EventDate "2022.07.29"]
[EventType "team-swiss"]
[EventRounds "11"]
[EventCountry "IND"]
[SourceTitle "CBM 210"]
[Source "ChessBase"]
[SourceDate "2022.10.31"]
[SourceVersion "1"]
[SourceVersionDate "2022.10.31"]
[SourceQuality "1"]
[WhiteTeam "Bermuda"]
[BlackTeam "Barbados"]
[WhiteTeamCountry "BER"]
[BlackTeamCountry "BAR"]

1. e4 c5 2. Nc3 d6 3. g3 Nc6 4. Bg2 g6 5. d3 Bg7 6. Nge2 e6 7. 0-0 Nge7 8. Be3 Nd4 9. f4 h5 10. Rb1 Nec6 11. a3 Qa5 12. Bd2 Bd7 13. Nd5 Qd8 14. Ne3 b5 15. c3 Nxe2+ 16. Qxe2 0-0 17. f5 Ne5 18. Rbd1 Rc8 19. Bc1 Re8 20. Qf2 c4 21. dxc4 bxc4 22. fxg6 fxg6 23. Rxd6 Qe7 24. Rdd1 Nd3 25. Qc2 Bh6 26. Nxc4 Qc5+ 27. Kh1 Nxc1 28. Nd6 Bb5 29. Nxe8 Bxf1 30. Nf6+ Kg7 31. Rxf1 Rf8 32. Nd7 Rxf1+ 33. Bxf1 Qd6 34. Bb5 Be3 35. b4 a6 36. Ba4 h4 37. Qd1 Nd3 38. Kg2 Ba7 39. Qf1 Nf2 40. Nc5 hxg3 41. hxg3 Ng4 42. Qe2 Ne5 43. Nxa6 Nd3 44. Bc2 Nc1 45. e5 Qc6+ 46. Be4 Qxc3 47. Qg4 Qxe5 48. Qxg6+ Kf8 49. Qh6+ Ke7 50. Bf3 Be3 51. Qh7+ Kd8 52. Qc2 Qd6 53. b5 Nd3 54. Qd1 Bf2 55. g4 Ke7 56. Kf1 Bb6 57. Nb4 Qh2 58. Nxd3 Qg1+ 1/2-1/2

[Event "San Pedro de Macoris zt 2.3"]
[Site "San Pedro de Macoris"]
[Date "2022.03.24"]
[Round "8"]
[White "Husbands, Orlando"]
[Black "Polanco Nunez, Yoel Estarling"]
[Result "1-0"]
[WhiteElo "2374"]
[BlackElo "2206"]
[PlyCount "55"]
[EventDate "2022.03.20"]
[EventType "swiss"]
[EventRounds "9"]
[EventCountry "DOM"]
[SourceTitle "EXT 2023"]
[Source "ChessBase"]
[SourceDate "2022.10.05"]
[SourceVersion "1"]
[SourceVersionDate "2022.10.05"]
[SourceQuality "1"]

1. d4 d5 2. c4 c6 3. Nf3 Nf6 4. Qb3 dxc4 5. Qxc4 b5 6. Qc2 Bb7 7. e4 e6 8. Bg5 Nbd7 9. Nbd2 h6 10. Bxf6 Qxf6 11. Bd3 a6 12. e5 Qd8 13. Be4 Qb6 14. 0-0 Be7 15. Nb3 Rc8 16. Rac1 Qc7 17. Rfe1 g5 18. d5 exd5 19. Bxd5 Nc5 20. Bxf7+ Kxf7 21. Qf5+ Kg7 22. Nxc5 Bxc5 23. Rxc5 Rhf8 24. Qc2 Rce8 25. Nd4 Qf7 26. e6 Kh8 27. Rf5 Rxe6 28. Rxe6 1-0

[Event "San Pedro de Macoris zt"]
[Site "San Pedro de Macoris"]
[Date "2021.11.09"]
[Round "2"]
[White "Polanco Alcantara, Mario Alexander"]
[Black "Husbands, Orlando"]
[Result "0-1"]
[WhiteElo "2075"]
[BlackElo "2348"]
[PlyCount "80"]
[EventDate "2021.11.08"]
[EventType "swiss"]
[EventRounds "9"]
[EventCountry "DOM"]
[SourceTitle "EXT 2023"]
[Source "ChessBase"]
[SourceDate "2022.10.05"]
[SourceVersion "1"]
[SourceVersionDate "2022.10.05"]
[SourceQuality "1"]

1. d4 d5 2. Nf3 Nf6 3. e3 Bf5 4. c4 c6 5. Nc3 e6 6. a3 Nbd7 7. b4 Bd6 8. Bb2 0-0 9. cxd5 cxd5 10. Be2 Qe7 11. Nb5 Rfc8 12. Nxd6 Qxd6 13. Rc1 Nb6 14. Rc5 Ne4 15. 0-0 Nc4 16. Bxc4 dxc4 17. Qc1 Nxc5 18. dxc5 Qd5 19. Rd1 Bd3 20. h4 Rd8 21. Qc3 f6 22. Nd4 Qd7 23. f4 Rac8 24. h5 h6 25. Kf2 Qd5 26. g4 b6 27. c6 e5 28. Nf5 Qe6 29. b5 exf4 30. Re1 Bxf5 31. gxf5 fxe3+ 32. Kg1 Qe4 33. Rxe3 Qg4+ 34. Rg3 Qd1+ 35. Kh2 Rd2+ 36. Rg2 Qxh5+ 37. Kg1 Rd1+ 38. Kf2 Qxf5+ 39. Qf3 Rf1+ 40. Kxf1 Qxf3+ 0-1

[Event "Online Olym Div3 E"]
[Site "Chess.com INT"]
[Date "2020.08.07"]
[Round "2.2"]
[White "Husbands, Orlando"]
[Black "Alfaro Caracas, William"]
[Result "1/2-1/2"]
[WhiteElo "2324"]
[BlackElo "2135"]
[PlyCount "44"]
[EventDate "2020.08.07"]
[EventType "team-tourn (rapid)"]
[EventRounds "9"]
[EventCountry "USA"]
[SourceTitle "CBM 198"]
[Source "ChessBase"]
[SourceDate "2020.10.31"]
[SourceVersion "1"]
[SourceVersionDate "2020.10.31"]
[SourceQuality "1"]
[WhiteTeam "Barbados"]
[BlackTeam "Nicaragua"]
[WhiteTeamCountry "BAR"]
[BlackTeamCountry "NCA"]

1. e4 c5 2. Nf3 Nc6 3. d4 cxd4 4. Nxd4 g6 5. Nc3 Bg7 6. Be3 Nf6 7. Bc4 0-0 8. Bb3 a5 9. 0-0 a4 10. Nxa4 Nxe4 11. Nb5 d5 12. Qe2 e6 13. Rad1 Qh4 14. Nb6 Ra6 15. Nxc8 Rxc8 16. c4 dxc4 17. Qxc4 Ne7 18. g3 Rxc4 19. Rd8+ Bf8 20. gxh4 Rc8 21. Rfd1 Raa8 22. R8d7 Nf5 1/2-1/2

[Event "Titled Tuesday intern op 6th Aug"]
[Site "Chess.com INT"]
[Date "2019.08.06"]
[Round "3"]
[White "Lushenkov, Mikhail M"]
[Black "Husbands, Orlando"]
[Result "1-0"]
[WhiteElo "2434"]
[BlackElo "2268"]
[PlyCount "119"]
[EventDate "2019.08.06"]
[EventType "swiss (blitz)"]
[EventRounds "10"]
[EventCountry "USA"]
[SourceTitle "EXT 2021"]
[Source "ChessBase"]
[SourceDate "2020.10.23"]
[SourceVersion "1"]
[SourceVersionDate "2020.10.23"]
[SourceQuality "1"]

1. Nf3 d5 2. d4 e6 3. c4 Nf6 4. Nc3 c6 5. e3 Nbd7 6. Bd3 Bd6 7. e4 dxc4 8. Bxc4 Bb4 9. Qd3 c5 10. a3 cxd4 11. axb4 dxc3 12. bxc3 0-0 13. Bb3 Qc7 14. 0-0 b6 15. Bg5 Bb7 16. Rfe1 Ng4 17. h3 Nde5 18. Nxe5 Nxe5 19. Qg3 Kh8 20. Bf4 f6 21. Bxe6 Rfe8 22. Bd5 a5 23. bxa5 Rxa5 24. Rxa5 bxa5 25. c4 Ba6 26. Rc1 a4 27. Qa3 Qa5 28. Bxe5 fxe5 29. c5 Qd2 30. c6 h6 31. c7 Kh7 32. Rb1 Bc8 33. Qxa4 Rf8 34. Qa7 Qc2 35. Ra1 Qc3 36. Rf1 Rf6 37. Qb8 Rf8 38. Bb7 Bxb7 39. Qxf8 Qxc7 40. Qf5+ Kg8 41. Rd1 Bc8 42. Qg6 Qe7 43. Qd6 Kf7 44. Qxe7+ Kxe7 45. f3 Be6 46. Rd2 Kf6 47. Kf2 Kg5 48. Kg3 Kf6 49. h4 Kg6 50. Kf2 Kf6 51. g4 g5 52. h5 Bf7 53. Rd6+ Be6 54. Ke3 Ke7 55. Rb6 Kf7 56. Kd2 Ke7 57. Kc3 Kf7 58. Kb4 Ke7 59. Kc5 Kf7 60. Kd6 1-0

[Event "World op 47th"]
[Site "Philadelphia"]
[Date "2019.07.04"]
[Round "2"]
[White "Husbands, Orlando"]
[Black "Azarov, Sergei Nikolaevich"]
[Result "0-1"]
[WhiteElo "2289"]
[BlackElo "2601"]
[PlyCount "70"]
[EventDate "2019.07.03"]
[EventType "swiss"]
[EventRounds "9"]
[EventCountry "USA"]
[SourceTitle "CBM 191 Extra"]
[Source "ChessBase"]
[SourceDate "2019.09.30"]
[SourceVersion "1"]
[SourceVersionDate "2019.09.30"]
[SourceQuality "1"]

1. e4 e5 2. Nf3 Nc6 3. d4 exd4 4. Nxd4 Nf6 5. Nxc6 bxc6 6. e5 Qe7 7. Qe2 Nd5 8. c4 Nb6 9. Nc3 Qe6 10. Qe4 g6 11. Bd3 Bg7 12. 0-0 0-0 13. Qh4 Ba6 14. Bh6 Bxh6 15. Qxh6 Qxe5 16. Rfe1 Qg7 17. Qh3 d5 18. cxd5 Bxd3 19. Qxd3 cxd5 20. Nxd5 Nxd5 21. Qxd5 Qxb2 22. Rab1 Qf6 23. Rec1 Rab8 24. Qc5 Rxb1 25. Rxb1 Qa6 26. a3 Re8 27. h3 h5 28. Rd1 Qb6 29. Rc1 Re1+ 30. Kh2 Rxc1 31. Qxc1 Qd6+ 32. Kg1 c5 33. Qc4 Qd4 34. Qa6 c4 35. a4 Qc5 0-1

[Event "World op 47th"]
[Site "Philadelphia"]
[Date "2019.07.04"]
[Round "3"]
[White "Wu, Rochelle"]
[Black "Husbands, Orlando"]
[Result "0-1"]
[WhiteElo "2085"]
[BlackElo "2289"]
[PlyCount "52"]
[EventDate "2019.07.03"]
[EventType "swiss"]
[EventRounds "9"]
[EventCountry "USA"]
[SourceTitle "CBM 191 Extra"]
[Source "ChessBase"]
[SourceDate "2019.09.30"]
[SourceVersion "1"]
[SourceVersionDate "2019.09.30"]
[SourceQuality "1"]

1. d4 Nf6 2. c4 e6 3. Nc3 Bb4 4. Qc2 0-0 5. a3 Bxc3+ 6. Qxc3 d5 7. Bg5 dxc4 8. Qxc4 b6 9. Nf3 Ba6 10. Qa4 Qd7 11. Qc2 c5 12. Bxf6 gxf6 13. Rd1 cxd4 14. Nxd4 Rc8 15. Qe4 Qb7 16. Qf4 Nd7 17. h4 Kh8 18. Nf3 Qc7 19. Qh6 Rg8 20. h5 Rad8 21. Rh4 e5 22. e3 Bxf1 23. Kxf1 Qc6 24. e4 Qc4+ 25. Kg1 Qe2 26. Rxd7 Qxf3 0-1

[Event "Titled Tuesday intern op 6th Nov"]
[Site "Chess.com INT"]
[Date "2018.11.06"]
[Round "4"]
[White "Dang, Hoang Son"]
[Black "Husbands, Orlando"]
[Result "1-0"]
[WhiteElo "2334"]
[BlackElo "2262"]
[PlyCount "77"]
[EventDate "2018.11.06"]
[EventType "swiss (blitz)"]
[EventRounds "10"]
[EventCountry "USA"]
[SourceTitle "EXT 2021"]
[Source "ChessBase"]
[SourceDate "2020.10.23"]
[SourceVersion "1"]
[SourceVersionDate "2020.10.23"]
[SourceQuality "1"]

1. d4 Nf6 2. c4 e6 3. Nf3 d5 4. g3 dxc4 5. Bg2 Bb4+ 6. Bd2 a5 7. 0-0 0-0 8. Qc2 b5 9. a4 c6 10. e4 Bb7 11. Nc3 Bxc3 12. bxc3 Nbd7 13. e5 Nd5 14. Ng5 g6 15. Ne4 Ba6 16. axb5 cxb5 17. Bg5 Qc7 18. Qd2 b4 19. Bf6 N5xf6 20. Nxf6+ Nxf6 21. exf6 Kh8 22. Qh6 Rg8 23. Bxa8 b3 24. Be4 Bb5 25. Qg5 Rb8 26. Qe5 Qxe5 27. dxe5 a4 28. Rfd1 h5 29. f4 Rb6 30. Rd8+ Kh7 31. Rf8 Bc6 32. Rxf7+ Kh6 33. Bxc6 b2 34. Rb1 a3 35. Ra7 Rb3 36. Ra8 Kh7 37. f7 Rxc3 38. f8Q Rc1+ 39. Kg2 1-0